000 00777nam a2200265 a 4500
001 52343
003 BD-RjUL
005 20211209075805.0
008 160919s1968 enka b 001 0 eng
035 _a(BD-RjUL) 52463
040 _aDLC
_cDLC
_dBD-RjUL
_beng
041 _aeng
082 0 0 _a530.12
_bSCQ 1968
_223
100 1 0 _aSchiff, Leonard I.
_926037
245 1 0 _aQuantum mechanics /
_cLeonard I. Schiff
250 _a3rd ed.
260 _aLondon :
_bMcGraw-hill,
_cc1968
300 _axviii, 544 p. :
_bill, ;
_c23 cm.
490 _aInternational series in pure and applied physics
500 _aIncludes index.
650 0 _aQuantum theory.
_926038
856 _3International series in pure and applied physics
942 _2ddc
_cBK
999 _c52343
_d52343